<?xml version="1.0" encoding="UTF-8"?>
<record
    xmlns:xsi="http://www.w3.org/2001/XMLSchema-instance"
    xsi:schemaLocation="http://www.loc.gov/MARC21/slim http://www.loc.gov/standards/marcxml/schema/MARC21slim.xsd"
    xmlns="http://www.loc.gov/MARC21/slim">

  <leader>00888nam a22002657a 4500</leader>
  <controlfield tag="005">20231219124514.0</controlfield>
  <datafield tag="010" ind1=" " ind2=" ">
    <subfield code="a">ENG-127717 ENG-138610</subfield>
  </datafield>
  <datafield tag="020" ind1=" " ind2=" ">
    <subfield code="c">150.00</subfield>
    <subfield code="a">9789386725851</subfield>
  </datafield>
  <datafield tag="020" ind1=" " ind2=" ">
    <subfield code="c">500.00</subfield>
    <subfield code="a">9789389740417</subfield>
  </datafield>
  <datafield tag="035" ind1=" " ind2=" ">
    <subfield code="a">EN-111249</subfield>
  </datafield>
  <datafield tag="035" ind1=" " ind2=" ">
    <subfield code="a">EN-122142</subfield>
  </datafield>
  <datafield tag="037" ind1=" " ind2=" ">
    <subfield code="b">DBAD/PUB</subfield>
  </datafield>
  <datafield tag="082" ind1=" " ind2=" ">
    <subfield code="a">370.71</subfield>
    <subfield code="2">1</subfield>
  </datafield>
  <datafield tag="100" ind1=" " ind2=" ">
    <subfield code="a">Rao, K.Ravikanth</subfield>
    <subfield code="9">59948</subfield>
  </datafield>
  <datafield tag="245" ind1=" " ind2=" ">
    <subfield code="a">Towards self-Understanding/</subfield>
    <subfield code="c">By K.Ravikanth Rao and Kavitha Ajay Edited By B.V. Pattabhi Ram</subfield>
  </datafield>
  <datafield tag="250" ind1=" " ind2=" ">
    <subfield code="a">1</subfield>
  </datafield>
  <datafield tag="260" ind1=" " ind2=" ">
    <subfield code="a">New Delhi</subfield>
    <subfield code="c">2020</subfield>
    <subfield code="b">Neelkamal </subfield>
  </datafield>
  <datafield tag="270" ind1=" " ind2=" ">
    <subfield code="a">4764/1,23, Ansari Road,Daryaganj</subfield>
    <subfield code="e">110002</subfield>
    <subfield code="b">New Delhi</subfield>
    <subfield code="k">011-23244237</subfield>
    <subfield code="k">9811828953</subfield>
  </datafield>
  <datafield tag="300" ind1=" " ind2=" ">
    <subfield code="a">ix,127p.</subfield>
    <subfield code="b">24cm(pbk)</subfield>
  </datafield>
  <datafield tag="300" ind1=" " ind2=" ">
    <subfield code="a">ix,130p.</subfield>
    <subfield code="b">24cm(pbk)</subfield>
  </datafield>
  <datafield tag="500" ind1=" " ind2=" ">
    <subfield code="a">includes bibliographical references 
</subfield>
  </datafield>
  <datafield tag="700" ind1=" " ind2=" ">
    <subfield code="a">Kavitha Ajay</subfield>
    <subfield code="e">Author</subfield>
    <subfield code="9">59949</subfield>
  </datafield>
  <datafield tag="700" ind1=" " ind2=" ">
    <subfield code="a">B.V.Pattabhi Ram</subfield>
    <subfield code="e">Editor</subfield>
    <subfield code="9">59950</subfield>
  </datafield>
  <datafield tag="942" ind1=" " ind2=" ">
    <subfield code="2">ddc</subfield>
    <subfield code="c">EN</subfield>
    <subfield code="h">370.71</subfield>
    <subfield code="m">RAO</subfield>
    <subfield code="e">1</subfield>
  </datafield>
  <datafield tag="999" ind1=" " ind2=" ">
    <subfield code="c">172781</subfield>
    <subfield code="d">172781</subfield>
  </datafield>
  <datafield tag="952" ind1=" " ind2=" ">
    <subfield code="0">0</subfield>
    <subfield code="1">0</subfield>
    <subfield code="4">0</subfield>
    <subfield code="7">0</subfield>
    <subfield code="8">NFIC</subfield>
    <subfield code="a">L</subfield>
    <subfield code="b">L</subfield>
    <subfield code="d">2020-02-13</subfield>
    <subfield code="e">DBAD/PUB</subfield>
    <subfield code="g">150.00</subfield>
    <subfield code="l">4</subfield>
    <subfield code="o">370.71 RAO</subfield>
    <subfield code="p">EN-111249</subfield>
    <subfield code="r">2025-05-24 00:00:00</subfield>
    <subfield code="s">2025-05-10</subfield>
    <subfield code="t">1</subfield>
    <subfield code="v">150.00</subfield>
    <subfield code="w">2020-02-13</subfield>
    <subfield code="y">EN</subfield>
  </datafield>
  <datafield tag="952" ind1=" " ind2=" ">
    <subfield code="0">0</subfield>
    <subfield code="1">0</subfield>
    <subfield code="4">0</subfield>
    <subfield code="7">0</subfield>
    <subfield code="8">NFIC</subfield>
    <subfield code="a">CJ</subfield>
    <subfield code="b">CJ</subfield>
    <subfield code="d">2023-12-19</subfield>
    <subfield code="e">DBAD</subfield>
    <subfield code="g">500.00</subfield>
    <subfield code="l">2</subfield>
    <subfield code="o">370.71 RAO</subfield>
    <subfield code="p">EN-122142</subfield>
    <subfield code="r">2026-06-12 15:08:35</subfield>
    <subfield code="s">2026-02-18</subfield>
    <subfield code="t">1</subfield>
    <subfield code="v">500.00</subfield>
    <subfield code="w">2023-12-19</subfield>
    <subfield code="y">EN</subfield>
  </datafield>
</record>
